Biotechnologické obohatenie cereálnych substrátov lipofilnými metabolitmi v procese polosuchých kultivácií a ich aplikácie

Uložené v:
Podrobná bibliografia
Hlavný autor: Ondo-Eštok, René (Autor)
Ďalší autori: Klempová, Tatiana (Vedúci práce)
Médium: Rukopis Kniha
Jazyk:Slovak
Vydavateľské údaje: 2016
Predmet:
On-line prístup:http://is.stuba.sk/zp/portal_zp.pl?podrobnosti=109475
Tagy: Pridať tag
Žiadne tagy, Buďte prvý, kto otaguje tento záznam!

MARC

LEADER 00000ntm a22000003a 4500
001 stuzp58602
003 SK-STU
005 20160719155621.9
007 ta
008 150427s2015----xo-----f-mn---000-0-slo-d
040 |a STU  |b slo 
041 0 |a slo 
100 1 |a Ondo-Eštok, René  |u 044000  |4 aut  |U FCHPT Fakulta chemickej a potravinárskej technológie  |T FCHPT Ústav biotechnológie  |X 63603  |U C4000  |Y 102  |7 63603 
242 0 1 |a Biotechnological enrichment of cereal substrates with lipophilic metabolits in solid state fermentation process and its applications  |y eng 
245 1 0 |a Biotechnologické obohatenie cereálnych substrátov lipofilnými metabolitmi v procese polosuchých kultivácií a ich aplikácie 
260 |c 2016 
650 4 |a polosuché fermentácie  |2 slo 
650 4 |a kyselina gama-linolénová  |2 slo 
650 4 |a beta-karotén  |2 slo 
650 4 |a Umbelopsis isabellina  |2 slo 
650 4 |a solid state fermentations  |2 eng 
650 4 |a gamma-linolenic acid  |2 eng 
650 4 |a beta-carotene  |2 eng 
650 4 |a Umbelopsis isabellina  |2 eng 
700 1 |a Klempová, Tatiana  |u 044000  |k Z1  |4 ths  |U FCHPT Fakulta chemickej a potravinárskej technológie  |T FCHPT Ústav biotechnológie  |X 21604  |U C4000  |Y 102  |7 A000021604 
856 4 |u http://is.stuba.sk/zp/portal_zp.pl?podrobnosti=109475 
SQL |a stuzp58602  |b DBP  |c SLO  |d Biotechnologické obohatenie cereálnych substrátov lipofilnými metabolitmi v procese polosuchých kultivácií a ich aplikácie  |e 63603  |f Ondo-Eštok, René  |g 044000  |h 21604  |i Klempová, Tatiana  |j 20160711  |k 752  |l 04  |m http://is.stuba.sk/zp/portal_zp.pl?podrobnosti=109475  |n B-BIOPOT  |o 5.2.25. biotechnológie